| 000 | 01203nam0a2200301 4500 | ||
|---|---|---|---|
| 001 | RU\NLR\bibl\1689011 | ||
| 005 | 20250616053806.0 | ||
| 010 |
_a978-5-699-38902-5 _95000 |
||
| 021 |
_aRU _b2010-17500 _9470д/2010 |
||
| 035 | _a(NLR Aleph) 001680159 | ||
| 090 |
_a1096186 _c1096186 |
||
| 100 | _a20101019d2010 |||y0rusy50 ca | ||
| 101 | 0 | _arus | |
| 102 | _aRU | ||
| 105 | _aac ||||||||| | ||
| 200 | 1 |
_aЮвелирные украшения _e[от автора бестселлера "Драгоценные камни"] _fСветлана Гураль |
|
| 210 |
_aМосква _cЭксмо _d2010 |
||
| 215 |
_a253, [2] с. _cцв. ил., портр. _d29 |
||
| 225 | 1 |
_aЭксклюзив _iИллюстрированные энциклопедии |
|
| 488 | 0 |
_12001#$aДрагоценные камни _1700#1$aГураль$bС.$gСветлана$4070 _tДрагоценные камни _aГураль, Светлана |
|
| 606 | 1 |
_aЮвелирные изделия _91333119 _3RU\NLR\auth\66554778 |
|
| 686 | _aМ772 | ||
| 700 | 1 |
_aГураль _bС. _gСветлана _4070 |
|
| 801 | 0 |
_aRU _bNLR _c20101019 _gRCR |
|
| 801 | 1 |
_aRU _bNLR _c20101019 |
|
| 942 | _cBOOK | ||
| 980 | _aNB | ||